Every Governor of Pennsylvania - Statistics

General Stats
  • This quiz has been taken 55 times
  • The average score is 10 of 50
Answer Stats
Picture Hint Answer % Correct
D(2023-) Josh Shapiro
100%
D(1829-1835) George Wolf
94%
D(2015-2023) Tom Wolf
94%
D(2003-2011) Ed Rendell
78%
R(1995-2001) Tom Ridge
72%
D(1987-1995) Bob Casey Sr.
66%
R(2011-2015) Tom Corbett
63%
D(1971-1979) Milton Shapp
31%
R(1963-1967) William Scranton
31%
R(2001-2003) Mark Schweiker
28%
R(1979-1987) Dick Thornburgh
25%
R(1967-1971) Raymond P. Shafer
16%
NP(1790-1799) Thomas Mifflin
16%
R(1861-1867) Andrew Gregg Curtin
13%
R(1939-1943) Arthur James
13%
R(1931-1935) Gifford Pinchot
13%
R(1923-1927) Gifford Pinchot
13%
D(1959-1963) David L. Lawrence
9%
D(1839-1845) David R. Porter
9%
R(1943-1947) Edward Martin
9%
D(1955-1959) George M. Leader
9%
R(1887-1891) James A. Beaver
9%
DR(1823-1829) John Andrew Shulze
9%
R(1911-1915) John K. Tener
9%
R(1867-1873) John W. Geary
9%
DR(1820-1823) Joseph Hiester
9%
DR(1808-1817) Simon Snyder
9%
DR(1799-1808) Thomas McKean
9%
R(1895-1899) Daniel H. Hastings
6%
R(1907-1911) Edwin Sydney Stuart
6%
D(1845-1848) Francis R. Shunk
6%
D(1935-1939) George Howard Earle III
6%
R(1879-1883) Henry M. Hoyt
6%
R(1947-1951) James H. Duff
6%
W(1855-1858) James Pollock
6%
R(1947-1947) John C. Bell Jr.
6%
R(1873-1879) John F. Hartranft
6%
R(1951-1955) John S. Fine
6%
R(1927-1931) John Stuchell Fisher
6%
AM(1835-1839) Joseph Ritner
6%
R(1915-1919) Martin Grove Brumbaugh
6%
D(1891-1895) Robert E. Pattison
6%
D(1883-1891) Robert E. Pattison
6%
R(1903-1907) Samuel W. Pennypacker
6%
R(1899-1903) William A. Stone
6%
D(1852-1855) William Bigler
6%
R(1919-1923) William Cameron Sproul
6%
DR(1817-1820) William Findlay
6%
W(1848-1852) William F. Johnston
6%
D(1858-1861) William F. Packer
6%
No matching quizzes found
Score Distribution
Percent of People with Each Score
Percentile by Number Answered
Your Score History
You have not taken this quiz